000 00533nam a2200193Ia 4500
005 20250508151955.0
008 008 250505s9999 xx 000 0 eng d
037 _aReference
040 _aFEDL
_beng
_cFEDL
041 _aeng
_2eng
084 _a320.3, ELL
_qFEDL
100 _aElliott Florence
245 0 _aDictionary of politics
260 _aHarmodsworth, UK
_bPenguin books Ltd.
_c1957
300 _a329p
700 _a Summerskill Michael
_9760513
942 _cREF
_h320.3, ELL
999 _c1333314
_d1333314